Statistiques concernant Les joueurs de classe mondiale

Cliquez ici pour prendre le quiz!

Statistiques générales

  • Ce quiz a été pris 72 fois
  • Le résultat moyen est 39 sur 65

Statistiques - réponses

ÉquipeNomPoste% Correct
Manchester CityErling HaalandAT
98%
Manchester CityPhil FodenAIL
90%
Manchester CityEdersonG
88%
Manchester CityBernardo SilvaMO
84%
Manchester CityKevin de BruyneMO
82%
Real MadridToni KroosM
82%
Real MadridViniciusAIL
82%
Real MadridLuka ModricM
80%
LiverpoolMohamed SalahAIL
80%
ChelseaThiago SilvaDC
80%
Real MadridThibaut CourtoisG
80%
Atletico MadridAntoine GriezmannAT
78%
ArsenalBukayo SakaAIL
78%
Manchester CityKyle WalkerDD
78%
TottenhamHeung-Min SonAIL
74%
BarceloneMarc-André Ter StegenG
74%
ArsenalMartin OdegaardMO
74%
Manchester UnitedBruno FernandesMO
72%
BarceloneRobert LewandowskiAT
72%
Manchester CityRuben DiasDC
72%
LiverpoolAlissonG
70%
Real MadridDani CarvajalDD
70%
Real MadridJude BellinghamMO
70%
BarcelonePedriM
70%
LiverpoolVirgil van DijkDC
70%
LiverpoolAndrew RobertsonDG
68%
Real MadridEder MilitaoDC
68%
PSGKylian MbappéAT
68%
Manchester CityRodriMD
68%
LiverpoolTrent Alexander-ArnoldDD
68%
Atletico MadridJan OblakG
66%
Manchester CityJulian AlvarezAT
64%
ArsenalWilliam SalibaDC
64%
BarceloneFrenkie de JongM
62%
Manchester CityJohn StonesDC
62%
NewcastleKieran TrippierDD
58%
Real MadridFederico ValverdeM
56%
PSGGianluigi DonnarummaG
56%
BarceloneRonald AraujoDC
56%
PSGOusmane DembéléAIL
54%
MilanRafael LeaoAIL
54%
BarceloneJoao CanceloDG/DD
52%
NapoliKhvicha KvaratskheliaAIL
50%
NapoliVictor OsimhenAT
50%
ArsenalDeclan RiceMD
48%
BayernHarry KaneAT
48%
BarceloneIlkay GündoğanM
46%
MilanTheo HernandezDG
46%
MilanMike MaignanG
44%
Bayer LeverkusenJeremie FrimpongDD
42%
BayernKim Min JaeDC
42%
InterLautaro MartinezAT
42%
BayernLeroy SanéAIL
42%
RomaPaulo DybalaAT
42%
Manchester UnitedCasemiroMD
40%
Bayer LeverkusenFlorian WirtzMO
38%
BayernJamal MusialaMO
36%
InterNicolo BarellaM
36%
ChelseaEnzo FernandezM
34%
BayernJoshua KimmichMD
34%
Bayer LeverkusenAlejandro GrimaldoDG
32%
NewcastleBruno GuimaraesMD
30%
BayernMathijs de LigtDC
26%
InterAlessandro BastoniDC
24%
InterHakan CalhanogluMO
16%

Distribution des résultats

Percentile par nombre de réponses

% des personnes avec chaque résultat

Votre développement - résultats

Vous n’avez pas pris ce quiz